Statystyki dla TOP 10 Państw Europy Z Najwyższymi Górami

Kliknij tutaj aby rozwiązać quiz!

Ogólne statystyki

  • Ten quiz został rozwiązany 71 razy
  • Średni wynik to 9 z 10

Statystyki odpowiedzi

GóraPaństwo% Poprawnych
Mont BlancFrancja
98%
ZugspitzeNiemcy
97%
Mont Blanc de CourmayeurWłochy
95%
MulhacenHiszpania
93%
GrossglocknerAustria
92%
OlimpGrecja
90%
DufourspitzeSzwajcaria
90%
TriglavSłowenia
81%
MusałaBułgaria
68%
Coma PedrosaAndora
63%

Rozkład punktacji

Percentyl według liczby udzielonych odpowiedzi

Procent ludzi z każdym wynikiem

Twoja historia wyników

Nie rozwiązałeś tego quizu